00966nam a2200265 a 450000100100000000500170001000800410002702000150006804000250008304100390010808200150014710000240016224000580018624501280024426000640037230000280043650000380046453400670050265000180056965000240058765000250061165000270063665000130066370000240067600002350320260417092137.0101209s1988 ag a r 000 | spa d a9501800873 aDO-SdBNPbspacBNPHU17aenghspa2Código del idioma MARC a323bB658d1 aRhoda Lois Blumberg10aCivil rights : the 1960s freedom struggle.lEspañol14aLos derechos civiles :bla lucha por la libertad en la década de 1960 /cRhoda Lois Blumberg ; traducción Teresa Cillo. aBuenos Aires, (Argentina) :bEdiciones Tres Tiempos,c1988. a287 p. :bil. ;c20 cm. aIncluye notas al pie de páginas aTítulo original :tCivil rights : the 1960s freedom struggle 0aDerecho civil 4aDerechos personales 0aDerechos políticos 0aGarantías (Derecho)  0aLibertad1 aCillo, Teresa,etr.